00531nam a2200181Ia 4500008004100000020001800041082001300059100002800072245002800100250000600128260003900134300001700173500002400190650001800214942000700232952009300239999001700332230524s9999 xx 000 0 und d a9789381141427 a577bJOS aKamal Kant Joshi942967 0aEnvironment And Ecology a1 aNew DelhibI.K.Internationalc2014 a"XIII,171p;" aQuantity Number: 1 aEnvironmental cBK 00104070aTATCLbTATCLcGENd2023-05-24l0o577 JOSp54216r2023-05-24w2023-05-24yBK c57923d57923